Central Library OPAC University of Rajshahi

Democratic education in practice, (Record no. 5508)

MARC details
000 -LEADER
fixed length control field 00809cam a22002651 4500
001 - CONTROL NUMBER
control field 5508
003 - CONTROL NUMBER IDENTIFIER
rucl marc code BD-RjUL
005 - DATE AND TIME OF LATEST TRANSACTION
control field 20211208234059.0
008 - FIXED-LENGTH DATA ELEMENTS--GENERAL INFORMATION
fixed length control field 131226s1945 xx 001 0 eng
035 ## - SYSTEM CONTROL NUMBER
System control number (BD-RjUL)5544
System control number (OCoLC)231263
040 ## - CATALOGING SOURCE
Original cataloging agency DLC
Transcribing agency OAkU
Modifying agency DLC
-- BD-RjUL
Language of cataloging eng
041 ## - LANGUAGE CODE
Language code of text/sound track or separate title eng
082 ## - DEWEY DECIMAL CLASSIFICATION NUMBER
Edition number 370.19
Author mark and year SCD
100 1# - MAIN ENTRY--PERSONAL NAME
Personal name Schneideman, Rose.
9 (RLIN) 17265
245 10 - TITLE STATEMENT
Title Democratic education in practice,
Statement of responsibility, etc. by Rose Schneideman.
260 ## - PUBLICATION, DISTRIBUTION, ETC. (IMPRINT)
Place of publication, distribution, etc. New York, London :
Name of publisher, distributor, etc. Harper & brothers ,
Date of publication, distribution, etc. c1945.
300 ## - PHYSICAL DESCRIPTION
Pagination xv, 534 p. :
Illustrations diagrs. ;
Size 21 cm.
490 0# - SERIES STATEMENT
Series statement Education for living series, under the editorship of H. H. Remmers
504 ## - BIBLIOGRAPHY, ETC. NOTE
Bibliography, etc Includes Bibliography: p. 493-522 and index.
650 #0 - SUBJECT ADDED ENTRY--TOPICAL TERM
Topical term or geographic name as entry element Education.
9 (RLIN) 17266
942 ## - ADDED ENTRY ELEMENTS (KOHA)
Source of classification or shelving scheme Dewey Decimal Classification
Koha item type Books
Holdings
Lost status Source of classification or shelving scheme Damaged status Not for loan Collection code Permanent Location Current Location Shelving location Date acquired Source of acquisition Total Checkouts Full call number Date last seen Copy number Koha item type
  Dewey Decimal Classification   Not For Loan Non-fiction Central Library, University of Rajshahi Central Library, University of Rajshahi   28/02/1958 U. S. I. D. Dacca, gift   370.19 SCD 1945 26/12/2013 C-1 Books